00669nam a2200229 a 4500001001300000003000900013005001700022008004100039020002500080082001700105100001900122245002100141260003800162300000900200500003500209505001000244650002700254902000800281942000700289952012800296999001500424nice12345678IN_TiNIC20260116013127.0050524s1992 itha grp 000 0 eng  a0801427 c16.9500a305.409bHEL aHeley, Dorothy aGendered Domains aIthacabCornell University c1992 a349p aincludes index and biblioraphy2 aIndex aWomen-History-Congress bSRS cBK 001040708StackRoom-aHMIbHMId2007-03-21g16.95l1o305.409 HELp017670r2022-09-15s2022-09-08v16.95w2005-05-24yBK c9769d9769